[Event "ICS rated bullet match"]
[Site "204.178.125.65"]
[Date "1999.10.28"]
[Round "?"]
[White "apatrid"]
[Black "Hossa"]
[Result "0-1"]
[WhiteElo "2085"]
[BlackElo "2387"]
[PlyCount "94"]
[EventDate "1999.??.??"]

1. e4 e5 2. Nf3 Nc6 3. Bb5 a6 4. Bxc6 dxc6 5. Nc3 Bg4 6. h3 Bxf3 7. Qxf3 Bb4 8.
O-O Ne7 9. a3 Ba5 10. Qg3 Ng6 11. d3 O-O 12. Kh1 Qd6 13. Bd2 Bxc3 14. Bxc3 Rad8
15. Rad1 Rfe8 16. Rfe1 Qf6 17. Bd2 Rd7 18. Bg5 Qd6 19. Be3 c5 20. b3 Red8 21.
a4 f6 22. Qf3 Nf8 23. g3 Ng6 24. h4 Ne7 25. Kg2 Qc6 26. h5 h6 27. Qg4 f5 28.
Qe2 fxe4 29. dxe4 Qxe4+ 30. Kh2 b6 31. Rxd7 Rxd7 32. Rd1 Rxd1 33. Qxd1 Nf5 34.
Qd3 Qxd3 35. cxd3 Nd4 36. f4 exf4 37. Bxf4 c6 38. Bc7 b5 39. axb5 axb5 40. Bb6
Nxb3 41. Kg2 Kf7 42. Kf3 Ke6 43. Ke4 Kd6 44. g4 b4 45. Kf5 Nd4+ 46. Kg6 b3 47.
Bd8 47... b2 {apatrid resigns} 0-1

[Event "ICS rated blitz match"]
[Site "204.178.125.65"]
[Date "1999.10.28"]
[Round "?"]
[White "GreatPatzer"]
[Black "Hossa"]
[Result "0-1"]
[WhiteElo "2269"]
[BlackElo "2448"]
[PlyCount "82"]
[EventDate "1999.??.??"]

1. e4 e5 2. Nf3 Nc6 3. Bb5 a6 4. Bxc6 dxc6 5. O-O f6 6. d4 Bg4 7. dxe5 Qxd1 8.
Rxd1 fxe5 9. Rd3 Bd6 10. Nbd2 Bxf3 11. Rxf3 Nf6 12. Nc4 O-O 13. Re3 b5 14. Nxd6
cxd6 15. Re2 h6 16. f3 Rf7 17. Bd2 a5 18. Rd1 Kh7 19. Be1 Ne8 20. Re3 Kg6 21.
Rc3 Ra6 22. Ra3 Rfa7 23. Bf2 Rf7 24. c4 bxc4 25. Rc3 Rb7 26. Rd2 Rb4 27. a3 Ra4
28. Bh4 Ra7 29. Kf1 Rb7 30. Ke2 h5 31. Kd1 Rb5 32. Bg3 Kf6 33. Re3 Ke6 34. Kc2
Nf6 35. h3 g5 36. Bh2 Rb7 37. Bg3 h4 38. Bh2 Rb5 39. Rde2 Nd7 40. Rd2 Nc5 41.
Rde2 41... Nd3 {GreatPatzer resigns} 0-1

[Event "ICS rated blitz match"]
[Site "204.178.125.65"]
[Date "1999.10.28"]
[Round "?"]
[White "Hossa"]
[Black "RedBear"]
[Result "1/2-1/2"]
[WhiteElo "2464"]
[BlackElo "2543"]
[PlyCount "79"]
[EventDate "1999.??.??"]

1. d4 Nf6 2. c4 e6 3. Nc3 Bb4 4. Qc2 O-O 5. a3 Bxc3+ 6. Qxc3 b6 7. Bg5 Bb7 8.
e3 d6 9. Ne2 Nbd7 10. Nf4 c5 11. Bd3 cxd4 12. exd4 h6 13. Bxf6 Qxf6 14. Qd2 e5
15. dxe5 Nxe5 16. Be2 Rac8 17. Rc1 Qh4 18. O-O Qg5 19. Qe3 Rfe8 20. Nd5 Qxe3
21. Nxe3 Re6 22. Rfd1 Kf8 23. Rd2 d5 24. Nxd5 Rd6 25. f4 Rxd5 26. Rxd5 Bxd5 27.
fxe5 Be4 28. Bf3 Bxf3 29. gxf3 g5 30. b3 Rc5 31. e6 Ra5 32. a4 fxe6 33. Rd1 Rf5
34. Kg2 Ke7 35. h3 Rf4 36. Kf2 e5 37. Rd5 Ke6 38. Rd8 Ke7 39. Rd5 Ke6 40. Rd8 {
Game drawn by mutual agreement} 1/2-1/2

[Event "ICS rated blitz match"]
[Site "204.178.125.65"]
[Date "1999.10.28"]
[Round "?"]
[White "salzi"]
[Black "Hossa"]
[Result "1/2-1/2"]
[WhiteElo "2075"]
[BlackElo "2468"]
[PlyCount "96"]
[EventDate "1999.??.??"]

1. d4 Nf6 2. Nf3 g6 3. c4 Bg7 4. Nc3 O-O 5. e4 d6 6. Be2 Na6 7. O-O e5 8. dxe5
dxe5 9. Qxd8 Rxd8 10. Bg5 c6 11. Rfd1 Bg4 12. h3 Bxf3 13. Bxf3 Nb4 14. Bxf6
Bxf6 15. Rxd8+ Rxd8 16. Rd1 Nc2 17. Rxd8+ Bxd8 18. Bd1 Nd4 19. Ne2 Be7 20. Nxd4
exd4 21. Be2 Kg7 22. Bd3 c5 23. Kf1 Bg5 24. Ke2 Bc1 25. b3 h5 26. Kf3 Kf6 27.
Ke2 h4 28. Kf3 Ke5 29. Kg4 Bh6 30. Kf3 Bd2 31. Kg4 Be1 32. Kf3 g5 33. Ke2 Ba5
34. Kf3 a6 35. Kg4 Be1 36. Kf3 Kf6 37. Ke2 Bc3 38. Kf3 Bb2 39. Kg4 Bc3 40. Kf3
Bd2 41. Ke2 Bc1 42. Kf3 b6 43. Kg4 Ke5 44. Kf3 Kd6 45. Kg4 Ke5 46. Kf3 Kd6 47.
Kg4 Ke5 48. Kf3 48... Kd6 {Game drawn by repetition} 1/2-1/2

[Event "ICS rated blitz match"]
[Site "204.178.125.65"]
[Date "1999.10.28"]
[Round "?"]
[White "Hossa"]
[Black "knightmare51"]
[Result "1/2-1/2"]
[WhiteElo "2455"]
[BlackElo "2075"]
[PlyCount "109"]
[EventDate "1999.??.??"]

1. d4 e6 2. e4 d5 3. Nc3 dxe4 4. Nxe4 Bd7 5. Nf3 Bc6 6. Bd3 Nd7 7. O-O Be7 8.
c4 Bxe4 9. Bxe4 c6 10. Bf4 Ngf6 11. Bd3 O-O 12. Re1 Qb6 13. Qc2 Rfe8 14. Rad1
Nf8 15. Ng5 h6 16. Nf3 Rad8 17. Qe2 Bb4 18. Rf1 Bd6 19. Bxd6 Rxd6 20. c5 Qd8
21. cxd6 Qxd6 22. Qe5 Qd7 23. Rfe1 Nd5 24. Rd2 f6 25. Qe4 f5 26. Qh4 Ng6 27.
Ne5 Nxe5 28. Rxe5 b5 29. Rde2 Re7 30. a3 a6 31. Rc2 Qd6 32. Rc5 a5 33. Bxb5
cxb5 34. Rcxd5 Rc7 35. Qd8+ Kh7 36. h4 Rc1+ 37. Kh2 Qc6 38. Rxb5 Rh1+ 39. Kxh1
Qc1+ 40. Re1 Qxe1+ 41. Kh2 Qxf2 42. Rxa5 Qf4+ 43. Kg1 Qe3+ 44. Kf1 Qc1+ 45. Kf2
Qd2+ 46. Kf3 Qd3+ 47. Kf4 Qe4+ 48. Kg3 Qe3+ 49. Kh2 Qf4+ 50. Kg1 Qc1+ 51. Kf2
Qd2+ 52. Kf3 Qd3+ 53. Kf4 Qe4+ 54. Kg3 Qe3+ 55. Kh2 {
Game drawn by mutual agreement} 1/2-1/2

[Event "ICS rated blitz match"]
[Site "204.178.125.65"]
[Date "1999.10.28"]
[Round "?"]
[White "Hossa"]
[Black "marabu"]
[Result "1-0"]
[WhiteElo "2416"]
[BlackElo "2209"]
[PlyCount "115"]
[EventDate "1999.??.??"]

1. d4 g6 2. e4 Bg7 3. Nc3 d6 4. Nf3 Nf6 5. Bg5 O-O 6. Be2 Nc6 7. O-O Bg4 8. d5
Nb8 9. Qd2 Bc8 10. Bh6 c5 11. Bxg7 Kxg7 12. Qg5 h6 13. Qd2 a6 14. e5 dxe5 15.
Nxe5 Nbd7 16. Ng4 Nxg4 17. Bxg4 Nf6 18. Bxc8 Qxc8 19. Rfe1 Re8 20. Re2 Qd7 21.
Rd1 b5 22. a3 Rad8 23. b3 Qc7 24. Re3 Rd6 25. Rh3 Ng8 26. Ne4 Rd7 27. Qc3+ f6
28. Nxc5 Kf7 29. Nxd7 Qxd7 30. Qa5 Qd6 31. Re3 Rc8 32. c3 f5 33. Re6 Qd7 34.
Rxa6 Nf6 35. Ra7 Qd6 36. Qxb5 Rxc3 37. Re1 Ne4 38. f3 Qc5+ 39. Qxc5 Nxc5 40.
Raxe7+ Kf6 41. b4 Nd3 42. R7e6+ Kg5 43. Ra1 Nf4 44. Rc6 Rc2 45. Rxc2 Nxd5 46.
Rd2 Nc3 47. a4 h5 48. Kf2 h4 49. Rd3 Nxa4 50. Rxa4 Kf4 51. Ra5 Kg5 52. Rd6 Kh5
53. Ke3 Kg5 54. f4+ Kh5 55. Kf3 h3 56. gxh3 Kh4 57. Ra7 Kxh3 58. Rh7# {
marabu checkmated} 1-0

[Event "ICS rated blitz match"]
[Site "204.178.125.65"]
[Date "1999.10.29"]
[Round "?"]
[White "mkarp"]
[Black "Hossa"]
[Result "0-1"]
[WhiteElo "2222"]
[BlackElo "2423"]
[PlyCount "50"]
[EventDate "1999.??.??"]

1. d4 Nf6 2. c4 e6 3. Nc3 Bb4 4. e3 c5 5. Bd3 Nc6 6. Nge2 cxd4 7. exd4 d5 8.
cxd5 exd5 9. O-O O-O 10. Bf4 Bg4 11. Qb3 Re8 12. Be3 Qd7 13. h3 Bxe2 14. Nxe2
Ne4 15. a3 Bd2 16. Bxe4 Rxe4 17. Bxd2 Rxe2 18. Be3 Na5 19. Qc3 Nc4 20. Rab1 Rc8
21. Qd3 Rxb2 22. Bf4 Rxb1 23. Rxb1 Re8 24. Qb3 Qf5 25. Bg3 25... Nd2 {
mkarp resigns} 0-1

[Event "ICS rated blitz match"]
[Site "204.178.125.65"]
[Date "1999.10.29"]
[Round "?"]
[White "salzi"]
[Black "Hossa"]
[Result "0-1"]
[WhiteElo "2126"]
[BlackElo "2431"]
[PlyCount "82"]
[EventDate "1999.??.??"]

1. d4 Nf6 2. Nf3 g6 3. c4 Bg7 4. Nc3 O-O 5. e4 d6 6. Be2 Na6 7. O-O e5 8. Bg5
exd4 9. Nxd4 Nc5 10. f3 Ne6 11. Nxe6 fxe6 12. e5 dxe5 13. Qxd8 Rxd8 14. Ne4 Rf8
15. Nxf6+ Bxf6 16. Bxf6 Rxf6 17. Rad1 Kg7 18. Rd8 Rf4 19. Bd3 Rd4 20. Rxd4 exd4
21. Re1 Bd7 22. Re4 c5 23. Re5 b6 24. f4 Rf8 25. g3 Kf6 26. Kf2 h5 27. h4 a5
28. Ke2 Bc6 29. Kf2 Bb7 30. Ke2 Bg2 31. Kf2 Bh3 32. Ke2 Bf5 33. Kd2 Bxd3 34.
Kxd3 Ke7 35. a4 Rf5 36. b3 Rxe5 37. fxe5 Kf7 38. Ke4 g5 39. Kf3 Kg7 40. Ke4 Kg6
41. Kf3 41... gxh4 {salzi resigns} 0-1

[Event "ICS rated blitz match"]
[Site "204.178.125.65"]
[Date "1999.10.29"]
[Round "?"]
[White "Hossa"]
[Black "Njall"]
[Result "1-0"]
[WhiteElo "2436"]
[BlackElo "2148"]
[PlyCount "149"]
[EventDate "1999.??.??"]

1. d4 c6 2. e4 d5 3. Nd2 dxe4 4. Nxe4 Bf5 5. Ng3 Nf6 6. Nxf5 Qa5+ 7. Bd2 Qxf5
8. Nf3 Qc8 9. Bd3 Nbd7 10. O-O Qc7 11. c4 e6 12. Re1 Bd6 13. Qe2 O-O 14. Bc3
Rfe8 15. b4 Rad8 16. Rab1 a6 17. a4 h6 18. g3 Bf8 19. Qd2 Nh7 20. b5 axb5 21.
axb5 Ra8 22. bxc6 bxc6 23. Rb2 Reb8 24. Rxb8 Rxb8 25. Rd1 Nhf6 26. Ra1 c5 27.
Qe2 cxd4 28. Bxd4 Bc5 29. Bc3 Bb4 30. Bb2 Bc5 31. Nd4 Qb6 32. Nb5 Qb7 33. Rd1
Rc8 34. Bc3 Be7 35. Rb1 Qc6 36. Na7 Qc7 37. Bxf6 Nxf6 38. Nxc8 Qxc8 39. Qe5 Nd7
40. Qe4 Nf6 41. Qb7 Qc5 42. Qb8+ Bf8 43. Rb7 g6 44. Qa7 Qxa7 45. Rxa7 Ne8 46.
Kg2 Bd6 47. Ra8 Kf8 48. c5 Bxc5 49. Bb5 Ke7 50. Rxe8+ Kf6 51. Rd8 Be7 52. Rd7
Bb4 53. h4 h5 54. Bc6 Bc5 55. Kf3 Bb4 56. Ke2 Bc5 57. f4 Bb4 58. Rb7 Be7 59.
Be8 e5 60. fxe5+ Ke6 61. Kf3 g5 62. Ke4 f5+ 63. Kd4 Bc5+ 64. Kxc5 Kxe5 65. hxg5
f4 66. gxf4+ Kxf4 67. Bxh5 Kxg5 68. Be2 Kf4 69. Kd4 Kf5 70. Rb6 Kg5 71. Ke4 Kh4
72. Kf4 Kh3 73. Kf3 Kh4 74. Rb5 Kh3 75. Rh5# {Njall checkmated} 1-0

[Event "ICS rated blitz match"]
[Site "204.178.125.65"]
[Date "1999.10.29"]
[Round "?"]
[White "Njall"]
[Black "Hossa"]
[Result "0-1"]
[WhiteElo "2143"]
[BlackElo "2441"]
[PlyCount "70"]
[EventDate "1999.??.??"]

1. d4 Nf6 2. c4 e6 3. Nc3 Bb4 4. f3 d5 5. a3 Bxc3+ 6. bxc3 Nbd7 7. cxd5 exd5 8.
e3 c5 9. Bd3 Rb8 10. Ne2 O-O 11. O-O Re8 12. Ng3 Qa5 13. Bd2 Qb6 14. Rb1 Qd6
15. Nf5 Qc7 16. e4 Nf8 17. e5 Bxf5 18. Bxf5 N6d7 19. Bd3 Ne6 20. Be3 Qa5 21.
Rc1 cxd4 22. cxd4 Qxa3 23. f4 Qb4 24. Bb1 Rbc8 25. Rxc8 Rxc8 26. f5 Nef8 27.
Qh5 Qa3 28. Bg5 Qb2 29. Qh4 Rc4 30. Be3 Nxe5 31. f6 Nfg6 32. Qh3 Rxd4 33. fxg7
Qc3 34. Rc1 Ng4 35. Rxc3 35... Rd1# {Njall checkmated} 0-1

[Event "ICS rated blitz match"]
[Site "204.178.125.65"]
[Date "1999.10.29"]
[Round "?"]
[White "Hossa"]
[Black "Njall"]
[Result "0-1"]
[WhiteElo "2446"]
[BlackElo "2138"]
[PlyCount "164"]
[EventDate "1999.??.??"]

1. d4 c6 2. e4 d5 3. Nd2 dxe4 4. Nxe4 Bf5 5. Ng3 Nf6 6. Nxf5 Qa5+ 7. Bd2 Qxf5
8. Nf3 Qd7 9. Bd3 e6 10. b4 Qc7 11. O-O Nbd7 12. c4 Bd6 13. Re1 O-O 14. Bc3
Rad8 15. Qe2 Rfe8 16. Rab1 a6 17. a4 h6 18. g3 Nf8 19. b5 axb5 20. axb5 Ra8 21.
bxc6 bxc6 22. Rb2 Reb8 23. Reb1 Rxb2 24. Qxb2 Rb8 25. Qc1 Rxb1 26. Bxb1 N8d7
27. Qe1 c5 28. Qe2 cxd4 29. Nxd4 Bc5 30. Nb5 Qc6 31. Bd3 Nb6 32. Bxf6 gxf6 33.
Qg4+ Kf8 34. Qh5 Kg7 35. h3 f5 36. Qe2 Nd7 37. Bb1 Qb6 38. Qd2 Nf6 39. Qb2 Qd8
40. Qe2 Qa5 41. Qe5 Qb4 42. Bd3 Be7 43. Bf1 Kg6 44. g4 fxg4 45. hxg4 Qd2 46. f3
Qg5 47. Qxg5+ Kxg5 48. Nc3 Kf4 49. Kg2 Ke3 50. Nd1+ Kd4 51. Nb2 Nd7 52. Na4 Ne5
53. Nb2 Ba3 54. Nd1 Nxc4 55. Bxc4 Kxc4 56. Kf2 Kd4 57. Ne3 Bd6 58. Ke2 Bf4 59.
Nc2+ Kc3 60. Ne3 Bxe3 61. Kxe3 Kc4 62. Ke4 f6 63. f4 Kc5 64. f5 e5 65. Ke3 Kd5
66. Kf3 Kd4 67. Ke2 Ke4 68. Kf2 Kf4 69. Kg2 Kxg4 70. Kf2 Kxf5 71. Ke2 Kf4 72.
Kd2 e4 73. Kd1 e3 74. Kc1 Kf3 75. Kc2 e2 76. Kd3 e1=Q 77. Kd4 Qe5+ 78. Kc4 Ke3
79. Kb4 Kd3 80. Kb3 Qb5+ 81. Ka2 Kc2 82. Ka3 82... Qb3# {Hossa checkmated} 0-1

[Event "ICS rated blitz match"]
[Site "204.178.125.65"]
[Date "1999.10.29"]
[Round "?"]
[White "ljb"]
[Black "Hossa"]
[Result "0-1"]
[WhiteElo "2288"]
[BlackElo "2419"]
[PlyCount "108"]
[EventDate "1999.??.??"]

1. e4 e5 2. Nf3 Nc6 3. d3 Nf6 4. Nc3 Bb4 5. Be2 d5 6. exd5 Nxd5 7. Bd2 Nf4 8.
O-O Nxe2+ 9. Nxe2 Bd6 10. Ng3 O-O 11. h3 f6 12. Re1 Rb8 13. Qe2 Qd7 14. c3 Qf7
15. b3 Rd8 16. Rad1 Qg6 17. Nh4 Qe8 18. d4 Qf7 19. Nhf5 exd4 20. cxd4 Bxg3 21.
Nxg3 Nxd4 22. Qc4 Be6 23. Qa4 Nc2 24. Re2 b6 25. Rc1 Nd4 26. Re3 c5 27. Be1 Rb7
28. Ne4 Rbd7 29. Nc3 Bf5 30. Kh2 Nc2 31. Re2 Rd4 32. Qa6 Bd3 33. Nb5 Bxe2 34.
Rxc2 Qe8 35. a4 Bxb5 36. Qxb5 Qxe1 37. Rc4 Qxf2 38. Rxd4 Qxd4 39. Qc4+ Qxc4 40.
bxc4 Rd4 41. Kg3 a5 42. Kf3 Rxc4 43. Ke3 Rxa4 44. Kd3 Ra2 45. g4 Ra3+ 46. Kc4
Rxh3 47. g5 fxg5 48. Kb5 Kf7 49. Kc4 Ke6 50. Kb5 Kd5 51. Ka6 Kc6 52. Ka7 a4 53.
Kb8 Rf3 54. Kc8 54... Rf8# {ljb checkmated} 0-1

[Event "ICS rated blitz match"]
[Site "204.178.125.65"]
[Date "1999.10.29"]
[Round "?"]
[White "Hossa"]
[Black "ljb"]
[Result "1-0"]
[WhiteElo "2429"]
[BlackElo "2260"]
[PlyCount "119"]
[EventDate "1999.??.??"]

1. Nf3 Nf6 2. d3 g6 3. e4 Bg7 4. Nc3 d6 5. d4 O-O 6. Bf4 c6 7. Be2 Nbd7 8. O-O
Nh5 9. Bg5 h6 10. Be3 e5 11. dxe5 dxe5 12. Qd2 Kh7 13. Rad1 Qc7 14. Bc4 Nb6 15.
Bb3 Bg4 16. Bc5 Bxf3 17. Bxf8 Bxd1 18. Bd6 Qd7 19. Rxd1 Rd8 20. Qe1 Qe8 21. Bc7
Rxd1 22. Qxd1 Nf4 23. Bxb6 axb6 24. Qd6 Ne6 25. Bxe6 Qxe6 26. Qxe6 fxe6 27. Na4
b5 28. Nc5 Bf8 29. Nxb7 Kg7 30. Nd8 c5 31. Nxe6+ Kf7 32. Nc7 b4 33. Nd5 Ke6 34.
a4 bxa3 35. bxa3 Bd6 36. a4 c4 37. Nb6 Bb8 38. Nxc4 Kd7 39. Nb6+ Kc6 40. Nd5
Kc5 41. Kf1 g5 42. c3 Bd6 43. Ke1 Bb8 44. Kd2 h5 45. f3 g4 46. fxg4 hxg4 47.
Kc2 Bd6 48. Ne3 Bc7 49. Nxg4 Bd6 50. Ne3 Bc7 51. h4 Bd6 52. Nd5 Bf8 53. g4 Bg7
54. g5 Bf8 55. h5 Bd6 56. h6 Bf8 57. Nf6 Be7 58. h7 Bxf6 59. gxf6 Kc4 60. h8=Q
{ljb resigns} 1-0

[Event "ICS rated blitz match"]
[Site "204.178.125.65"]
[Date "1999.10.29"]
[Round "?"]
[White "ljb"]
[Black "Hossa"]
[Result "0-1"]
[WhiteElo "2251"]
[BlackElo "2438"]
[PlyCount "82"]
[EventDate "1999.??.??"]

1. e4 e5 2. Nf3 Nc6 3. d3 Nf6 4. Nc3 Bb4 5. Bg5 h6 6. Bh4 d5 7. Bxf6 gxf6 8.
exd5 Qxd5 9. Be2 Rg8 10. O-O Bxc3 11. bxc3 Bh3 12. g3 Bxf1 13. Bxf1 O-O-O 14.
Bg2 Qa5 15. Nd2 Qxc3 16. Ne4 Qd4 17. Rb1 f5 18. Nd2 Rg6 19. Nb3 Qc3 20. Qh5
Qxc2 21. Qxf5+ Re6 22. Rc1 Qxa2 23. Nc5 Qa3 24. Rc4 Qa1+ 25. Bf1 Nd4 26. Qxf7
Rc6 27. Qe7 Qd1 28. Qf7 h5 29. h4 Nf3+ 30. Kg2 Nd2 31. Qf5+ Kb8 32. Nd7+ Ka8
33. Nxe5 Qxf1+ 34. Kh2 Nxc4 35. Nxc6 Ne3 36. Qf3 Ng4+ 37. Qxg4 hxg4 38. Nxd8
Qxf2+ 39. Kh1 Qxg3 40. h5 Qf3+ 41. Kg1 41... g3 {ljb resigns} 0-1

[Event "ICS rated blitz match"]
[Site "204.178.125.65"]
[Date "1999.10.29"]
[Round "?"]
[White "Hossa"]
[Black "ljb"]
[Result "0-1"]
[WhiteElo "2446"]
[BlackElo "2243"]
[PlyCount "114"]
[EventDate "1999.??.??"]

1. e4 e6 2. d4 d5 3. Nc3 Nf6 4. Bb5+ c6 5. Bd3 Be7 6. Nf3 O-O 7. O-O h6 8. e5
Nfd7 9. Bf4 c5 10. Nb5 Nc6 11. c3 a6 12. Nd6 Bxd6 13. exd6 c4 14. Bb1 f5 15.
Qa4 b5 16. Qa3 a5 17. Re1 Nf6 18. Qc5 Bd7 19. Ne5 Nxe5 20. Bxe5 Ne4 21. Qc7 Rc8
22. Qxd8 Rfxd8 23. f3 Ng5 24. Bc2 Nf7 25. f4 Bc6 26. a4 b4 27. cxb4 axb4 28.
Re3 Nxd6 29. Rg3 Rd7 30. a5 b3 31. Bb1 Ne8 32. Kf2 Ra7 33. a6 Rca8 34. Ra5 Rxa6
35. Rxa6 Rxa6 36. Re3 Ra1 37. Re1 Kf7 38. Ke3 Nf6 39. h3 Ne4 40. g4 c3 41. bxc3
Nxc3 42. gxf5 Rxb1 43. Rxb1 Nxb1 44. fxe6+ Kxe6 45. Bxg7 Nc3 46. Kd2 b2 47.
Bxh6 b1=Q 48. Kxc3 Bb5 49. h4 Qd3+ 50. Kb4 Qc4+ 51. Ka5 Qa4+ 52. Kb6 Bd7 53.
Bg5 Qb5+ 54. Kc7 Qc6+ 55. Kb8 Bc8 56. f5+ Kd7 57. f6 57... Qb7# {
Hossa checkmated} 0-1

[Event "ICS Rated blitz match"]
[Site "204.178.125.65"]
[Date "1999.10.29"]
[Round "?"]
[White "JenMan"]
[Black "Hossa"]
[Result "0-1"]
[WhiteElo "2138"]
[BlackElo "2422"]
[PlyCount "61"]
[EventDate "1999.??.??"]

1. d4 Nf6 2. Bg5 e6 3. Nd2 d5 4. c3 Be7 5. e3 c5 6. Bd3 O-O 7. f4 b6 8. Ngf3 h6
9. Bh4 cxd4 10. exd4 Ba6 11. Bxa6 Nxa6 12. Qe2 Nb8 13. Ne5 Re8 14. O-O-O Nbd7
15. Nc6 Qc7 16. Nxe7+ Rxe7 17. Nf3 Qxf4+ 18. Kb1 Ree8 19. Bg3 Qf5+ 20. Ka1 Ne4
21. Ne5 Nxg3 22. hxg3 Nxe5 23. dxe5 Rac8 24. g4 Qe4 25. Qxe4 dxe4 26. Rhe1 Red8
27. Rd4 Rxd4 28. cxd4 Rc4 29. Rd1 Rc2 30. Kb1 Rxg2 31. d5 {JenMan resigns} 0-1

[Event "ICS rated blitz match"]
[Site "204.178.125.65"]
[Date "1999.10.29"]
[Round "?"]
[White "Hossa"]
[Black "ljb"]
[Result "1-0"]
[WhiteElo "2427"]
[BlackElo "2270"]
[PlyCount "71"]
[EventDate "1999.??.??"]

1. Nf3 e6 2. d4 Nf6 3. Bg5 Be7 4. e3 O-O 5. c4 c6 6. Nc3 d5 7. Bd3 h6 8. Bh4
Nbd7 9. O-O Nb6 10. b3 Nbd7 11. Qc2 Re8 12. a3 b6 13. e4 Bb7 14. e5 Nh5 15.
Bxe7 Qxe7 16. cxd5 cxd5 17. Qd2 g5 18. h4 Nf4 19. Bb5 Rec8 20. hxg5 hxg5 21.
Ne2 Nxe2+ 22. Bxe2 f5 23. Nxg5 Nf8 24. Bh5 Rc7 25. Bf7+ Qxf7 26. Nxf7 Rxf7 27.
Rac1 Rg7 28. Qh6 Rg6 29. Qh5 Rg7 30. Rc3 Rd8 31. Rfc1 Rdd7 32. Rh3 Rh7 33. Qe8
Rdg7 34. Rxh7 Rxh7 35. Qb8 a6 36. Rc7 {ljb resigns} 1-0

[Event "ICS Rated blitz match"]
[Site "204.178.125.65"]
[Date "1999.10.29"]
[Round "?"]
[White "ljb"]
[Black "Hossa"]
[Result "0-1"]
[WhiteElo "2261"]
[BlackElo "2436"]
[PlyCount "96"]
[EventDate "1999.??.??"]

1. e4 e5 2. Nf3 Nc6 3. d3 Nf6 4. Nc3 Bb4 5. Bg5 h6 6. Bxf6 Qxf6 7. Be2 O-O 8.
O-O Ba5 9. Nd5 Qd8 10. c3 d6 11. a4 Bb6 12. b4 a6 13. Nxb6 cxb6 14. Qd2 f5 15.
Qe3 Bd7 16. Rfd1 Qc7 17. h3 Be6 18. Nd2 Rac8 19. Rac1 Ne7 20. f3 d5 21. c4 fxe4
22. dxe4 d4 23. Qa3 a5 24. b5 Ng6 25. c5 bxc5 26. Bc4 Bxc4 27. Nxc4 b6 28. Nb2
Nf4 29. Qb3+ Kh8 30. Rd2 Qe7 31. Nc4 Qe6 32. Rb1 Rf6 33. Qc2 Nxh3+ 34. gxh3
Qxh3 35. Rg2 Qe6 36. Rf1 Rf4 37. Qd3 Rcf8 38. Rg3 R8f7 39. Kf2 Qf6 40. Rfg1 g5
41. Ke2 Rh4 42. Nd2 Rh2+ 43. R1g2 Rh1 44. Qc4 Ra1 45. Rh2 Qf4 46. Qd3 Qxg3 47.
Rxh6+ Kg7 48. Rxb6 48... Qh2# {ljb checkmated} 0-1

[Event "ICS rated blitz match"]
[Site "204.178.125.65"]
[Date "1999.10.29"]
[Round "?"]
[White "ljb"]
[Black "Hossa"]
[Result "0-1"]
[WhiteElo "2244"]
[BlackElo "2453"]
[PlyCount "124"]
[EventDate "1999.??.??"]

1. e3 d5 2. e4 dxe4 3. Nc3 Nf6 4. g3 Nc6 5. Bg2 Bg4 6. Nge2 Nd4 7. h3 Bf3 8.
Bxf3 Nxf3+ 9. Kf1 e5 10. Ng1 Nxg1 11. Kxg1 Bc5 12. Qe2 Qd4 13. Nb5 Qd7 14. Nc3
Qc6 15. Qb5 Qxb5 16. Nxb5 Nd5 17. Kg2 a6 18. Nc3 Nb4 19. Nxe4 Nxc2 20. Rb1 Bd4
21. d3 Nb4 22. Rd1 Nxa2 23. Bd2 f5 24. Ng5 c5 25. Ne6 Kf7 26. Ng5+ Kf6 27. f4
exf4 28. gxf4 Rae8 29. Re1 Rxe1 30. Rxe1 Kg6 31. Re6+ Bf6 32. Rb6 Re8 33. Kf3
Rd8 34. Ke2 Rd7 35. Bc3 Nxc3+ 36. bxc3 Kh5 37. Nf3 Bxc3 38. Rb3 Re7+ 39. Kf2
Bf6 40. Kg3 b5 41. Ra3 Re6 42. h4 Be7 43. Ng5 Rd6 44. Rc3 Rg6 45. Kf3 h6 46.
Nf7 Kxh4 47. Rc1 Rg3+ 48. Kf2 Kg4 49. Ne5+ Kxf4 50. Nc6 Bd6 51. Ra1 Rxd3 52.
Rxa6 g5 53. Na5 Rd2+ 54. Ke1 Rd5 55. Nb7 Bf8 56. Rf6 Rd7 57. Na5 Bg7 58. Rg6
Bc3+ 59. Ke2 Rd2+ 60. Kf1 Kf3 61. Rd6 Rxd6 62. Nb3 62... Rd1# {ljb checkmated}
0-1

[Event "ICS Rated blitz match"]
[Site "204.178.125.65"]
[Date "1999.10.29"]
[Round "?"]
[White "ljb"]
[Black "Hossa"]
[Result "1/2-1/2"]
[WhiteElo "2219"]
[BlackElo "2460"]
[PlyCount "96"]
[EventDate "1999.??.??"]

1. e4 e5 2. Nf3 Nc6 3. d3 Nf6 4. Nc3 Bb4 5. Bg5 h6 6. Bh4 d5 7. exd5 Qxd5 8.
Be2 e4 9. dxe4 Qxd1+ 10. Rxd1 Nxe4 11. Rd3 Bf5 12. Nd4 Nxd4 13. Rxd4 Bxc3+ 14.
bxc3 Nxc3 15. Bf3 c6 16. Rc4 Nxa2 17. Rxc6 Bg4 18. Rc7 Bxf3 19. gxf3 g5 20. Bg3
b5 21. O-O O-O 22. Ra1 Nb4 23. c3 Nd5 24. Rc5 Rfd8 25. Ra6 b4 26. cxb4 Nxb4 27.
Rxh6 Kg7 28. Rh5 f6 29. Rc7+ Kg6 30. Rhh7 a5 31. f4 Rd1+ 32. Kg2 Nd3 33. fxg5
fxg5 34. Rhg7+ Kh5 35. Rh7+ Kg4 36. h3+ Kf5 37. Rhf7+ Kg6 38. Rg7+ Kh5 39. Rh7+
Kg6 40. Rhg7+ Kh5 41. Rh7+ Kg6 42. Rhg7+ Kh5 43. Rcf7 Ne1+ 44. Kh2 Rd5 45. Rh7+
Kg6 46. Rhg7+ Kh5 47. Rh7+ Kg6 48. Rhg7+ 48... Kh5 {Game drawn by repetition}
1/2-1/2

[Event "ICS rated blitz match"]
[Site "204.178.125.65"]
[Date "1999.10.29"]
[Round "?"]
[White "Hossa"]
[Black "PostModernist"]
[Result "0-1"]
[WhiteElo "2450"]
[BlackElo "2609"]
[PlyCount "148"]
[EventDate "1999.??.??"]

1. Nf3 Nf6 2. d3 d5 3. g3 Nc6 4. Bg2 e5 5. O-O h6 6. e4 dxe4 7. dxe4 Qxd1 8.
Rxd1 Bg4 9. h3 Bxf3 10. Bxf3 Nd4 11. Rxd4 exd4 12. e5 Nd7 13. Bxb7 Rb8 14. Bc6
Kd8 15. f4 Bc5 16. Kg2 g5 17. e6 fxe6 18. fxg5 hxg5 19. Bxg5+ Be7 20. Bc1 Rf8
21. Nd2 Ne5 22. Ba4 Bg5 23. Nc4 Rf5 24. Bxg5+ Rxg5 25. h4 Rf5 26. Nxe5 Rxe5 27.
Bb3 c5 28. g4 Re2+ 29. Kf3 Re3+ 30. Kg2 c4 31. Bxc4 Rxb2 32. Bb3 d3 33. Kf2
Re2+ 34. Kf3 dxc2 35. Rc1 Rh2 36. Kg3 Rd2 37. Kf4 a5 38. Kg5 a4 39. Bxa4 Rxa2
40. Bb3 Rb2 41. Ba4 Rb4 42. Bxc2 Rc4 43. Kf6 Kd7 44. g5 Rcxc2 45. Re1 Rc5 46.
Re4 Rf5+ 47. Kg6 Ke7 48. Rg4 Rd8 49. Rb4 Rg8+ 50. Kh5 Kd6 51. Kg4 Rf1 52. Rb6+
Kd5 53. Rb5+ Kc4 54. Ra5 Rg1+ 55. Kh3 Rh8 56. Re5 Kd3 57. Rxe6 Rxg5 58. Re1 Rg6
59. Rd1+ Ke3 60. Rb1 Rhg8 61. Rb3+ Kd4 62. h5 Rg1 63. Kh2 R1g5 64. Rb4+ Ke3 65.
Rb3+ Kf2 66. Rb2+ Kf1 67. Rb1+ Ke2 68. Rb5 Rxb5 69. h6 Rgg5 70. h7 Kf3 71. h8=R
Rh5+ 72. Rxh5 Rxh5+ 73. Kg1 Rh8 74. Kf1 74... Rh1# {Hossa checkmated} 0-1

[Event "ICS rated blitz match"]
[Site "204.178.125.65"]
[Date "1999.10.29"]
[Round "?"]
[White "motorhome"]
[Black "Hossa"]
[Result "0-1"]
[WhiteElo "2219"]
[BlackElo "2444"]
[PlyCount "74"]
[EventDate "1999.??.??"]

1. e4 e5 2. Nf3 Nc6 3. Bb5 a6 4. Ba4 d6 5. Nc3 Bg4 6. h3 Bh5 7. g4 Bg6 8. d4 b5
9. Nxb5 axb5 10. Bxb5 Bxe4 11. d5 Nge7 12. dxc6 Bxc6 13. Bxc6+ Nxc6 14. Bg5 Be7
15. Bxe7 Nxe7 16. Qd2 Ng6 17. a3 Nf4 18. O-O-O O-O 19. Qe3 Qf6 20. h4 Qe6 21.
Nd4 Qxg4 22. Nb3 Ra4 23. Kb1 Rb8 24. Rdg1 Qf5 25. Rg5 Qd7 26. Rhg1 g6 27. h5 h6
28. R5g4 g5 29. Rxg5+ hxg5 30. Rxg5+ Kh7 31. h6 Kxh6 32. Rg1 Qh3 33. Qe4 Rxe4
34. Rd1 Re2 35. Nc1 Qxa3 36. Nb3 Rxb3 37. cxb3 37... Qxb2# {
motorhome checkmated} 0-1